Normas y procedimientos de auditoria/ (Registro nro. 8946)
[ vista simple ]
| 000 -LEADER | |
|---|---|
| fixed length control field | 01934nam a2200205Ia 4500 |
| 005 - FECHA Y HORA DE LA ÚLTIMA TRANSACCIÓN | |
| control field | 20230822101003.0 |
| 008 - FIXED-LENGTH DATA ELEMENTS--GENERAL INFORMATION | |
| fixed length control field | 230814s9999 xx 000 0 und d |
| 020 ## - INTERNATIONAL STANDARD BOOK NUMBER | |
| International Standard Book Number | 968-6037-99-3 |
| 040 ## - CATALOGING SOURCE | |
| Original cataloging agency | UPAN |
| Transcribing agency | Biblioteca San Vicente |
| Description conventions | RCAA2 |
| 041 ## - LANGUAGE CODE | |
| Language code of text/sound track or separate title | spa |
| 082 ## - DEWEY DECIMAL CLASSIFICATION NUMBER | |
| Classification number | 657.45 |
| Item number | I59n |
| año de publicación | 1996 |
| 110 ## - MAIN ENTRY--CORPORATE NAME | |
| Corporate name or jurisdiction name as entry element | Comité ejecutivo de normas de auditorias |
| Relator code | aut. |
| 245 #0 - TITLE STATEMENT | |
| Title | Normas y procedimientos de auditoria/ |
| Statement of responsibility, etc | Comité ejecutivo de normas de auditorias |
| 250 ## - EDITION STATEMENT | |
| Edition statement | 16° ed. |
| 260 ## - PUBLICATION, DISTRIBUTION, ETC. (IMPRINT) | |
| Place of publication, distribution, etc | México: |
| Name of publisher, distributor, etc | IMCP, |
| Date of publication, distribution, etc | 1998 |
| 300 ## - PHYSICAL DESCRIPTION | |
| Extent | 620 p. |
| Dimensions | 22 cm. |
| Type of unit | (Tomo l) |
| 505 ## - FORMATTED CONTENTS NOTE | |
| Formatted contents note | 1010 Normas de auditoria<br/>1020 Declaraciones normativas de carácter general sobre el objetivo y naturaleza de la auditoria de estados financieros<br/>Normas personales <br/>2010 Pronunciamientos sobre normas personales<br/>Normas de ejecución<br/>3010 Documentación de la auditoria<br/>3020 Control de calidad del trabajo de auditorias de estados financieros <br/>3030 Importancia relativa y riesgo en la auditoria<br/>3040 Planeación y supervisión del trabajo de auditorias<br/>3050 Estudio y evaluación del control interno<br/>3060 Evidencia comprobatoria<br/>3070 La responsabilidad del auditor en el descubrimiento de errores e irregularidades<br/>3080 Declaraciones de la administración<br/>3090 Confirmaciones de abogados<br/>3100 Revisión analítica<br/>Normas de información<br/>4010 Dictamen del auditor<br/>4020 Dictamen sobre estados financieros preparados de acuerdo con bases especificas diferentes a los principios de contabilidad <br/>4030 Efectos en el dictamen cuando se utiliza el trabajo de otros auditores <br/>4040 Otras opiniones del auditor<br/>Procedimientos de auditoria<br/>5010 Procedimientos de auditoria de aplicación general<br/>5020 El muestreo en la auditoria<br/>5030 Metodología para el estudio y evaluación del control interno <br/>5040 Procedimientos de auditoria para el estudio y evaluación de la función de auditoria interna <br/> |
| 650 ## - SUBJECT ADDED ENTRY--TOPICAL TERM | |
| Source of heading or term | LEMB |
| Form subdivision | Normas |
| General subdivision | Auditoria |
| 942 ## - ADDED ENTRY ELEMENTS (KOHA) | |
| Koha item type | Libros |
| Source of classification or shelving scheme | Dewey Decimal Classification |
| Withdrawn status | Lost status | Source of classification or shelving scheme | Damaged status | Not for loan | Collection code | Home library | Current library | Date acquired | Total Checkouts | Full call number | Barcode | Date last seen | Copy number | Price effective from | Koha item type |
|---|---|---|---|---|---|---|---|---|---|---|---|---|---|---|---|
| Dewey Decimal Classification | Colección General | Biblioteca UPAN San Vicente | Biblioteca UPAN San Vicente | 14/08/2023 | 657.45 I59n | 12001601 | 14/08/2023 | 01 | 14/08/2023 | Libros |